000 00236pam a2200133 a 4500
020 _c
041 _h
100 _aE. G. Nisbet
245 _aLiving Earth
260 _c1991
300 _a237
653 _aGeography
930 _a201
999 _c246054
_d246054